National Assembly Library of Thailand

ดุลพาห ปีที่ 49 เล่ม 2-3 (พฤษภาคม-ธันวาคม 2545). (ระเบียนเลขที่ 107192)

รายละเอียดในรูปแบบ MARC
000 -LEADER
fixed length control field 04010nas a22002897a 4500
003 - CONTROL NUMBER IDENTIFIER
control field NALT
005 - DATE AND TIME OF LATEST TRANSACTION
control field 20250910143317.0
006 - FIXED-LENGTH DATA ELEMENTS--ADDITIONAL MATERIAL CHARACTERISTICS
fixed length control field a|||p|r|||| 00| 0
007 - PHYSICAL DESCRIPTION FIXED FIELD--GENERAL INFORMATION
fixed length control field ta
008 - FIXED-LENGTH DATA ELEMENTS--GENERAL INFORMATION
fixed length control field 250910b th |||p| |||| 00| 0 tha d
040 ## - CATALOGING SOURCE
Original cataloging agency NALT
041 ## - LANGUAGE CODE
Language code of text/sound track or separate title tha
245 00 - TITLE STATEMENT
Title ดุลพาห ปีที่ 49 เล่ม 2-3 (พฤษภาคม-ธันวาคม 2545).
260 ## - PUBLICATION, DISTRIBUTION, ETC.
Place of publication, distribution, etc. อรุณการพิมพ์.
310 ## - CURRENT PUBLICATION FREQUENCY
Current publication frequency รายสี่เดือน.
500 ## - GENERAL NOTE
General note วารสารเย็บเล่ม
505 2# - FORMATTED CONTENTS NOTE
Formatted contents note ปีที่ 49 เล่ม 2 พ.ค.-ส.ค. 2545 -- เครือข่ายยาบ้าในสังคมไทยศึกษาจากประสบการณ์ของเจ้าหน้าที่ปราบปรามยาเสพติด -- ปัญหาข้อกฎหมายเกี่ยวกับการล่อซื้อ<br/>ยาเสพติด -- การรับฟังพยานบุคคล (พยานเดี่ยว) ของศาลในคดีอาญา -- การช่วยเหลือผู้ต้องหาและจำเลยชาวต่างประเทศตามกฎหมายไทย : การจัดหาล่ามในชั้นศาล --<br/>แหล่งสารนิเทศด้านอาชญากรรมและงานยุติธรรม -- แหล่งสารนิเทศด้านอาชญากรรมและงานยุติธรรม -- การเรียนรู้งานและการสอนงาน -- ความรู้สึกมั่นคงในการ<br/>ทำงานของลูกจ้างในอุตสาหกรรมอิเล็กทรอนิกส์ในเขตกรุงเทพมหานคร -- คดีต้องห้ามอุทธรณ์ในปัญหาข้อเท็จจริง : คดีที่มีคำขอที่มีทุนทรัพย์และไม่มีทุนทรัพย์.
505 2# - FORMATTED CONTENTS NOTE
Formatted contents note ปีที่ 49 เล่ม 3 ก.ย.-ธ.ค. 2545 -- การนำปรัชญาอาชญาวิทยามาใช้ในการกำหนดโทษของศาลไทย : ศึกษาเฉพาะกรณีผู้กระทำผิดที่เป็นผู้ร้ายและผู้กระทำความผิด<br/>โดยพลั้งพลาด -- เกณฑ์ชี้วัดการตัดสินลงโทษประหารชีวิต -- การสร้างความมั่นใจด้านความปลอดภัยในชีวิตและทรัพย์สินของประชาชนโดยเจ้าหน้าที่ตำรวจ : ศึกษา<br/>เฉพาะกรณีในเขตกรุงเทพมหานคร -- ปัจจัยที่มีผลต่อการกระทำความผิดในคดีรุนแรงของเด็กและเยาวชน : ศึกษากรณีเด็กและเยาวชนชายในสถานพินิจและคุ้มครอง<br/>เด็กและเยาวชน จังหวัดสุราษฎร์ธานีและจังหวัดสงขลา -- ความผิดอันเกิดจากการใช้เช็คกับคดีฟื้นฟูกิจการ.
650 #0 - SUBJECT ADDED ENTRY--TOPICAL TERM
Topical term or geographic name entry element ยาเสพติด
9 (RLIN) 9889
650 #0 - SUBJECT ADDED ENTRY--TOPICAL TERM
Topical term or geographic name entry element ยาบ้า
9 (RLIN) 6135
650 #0 - SUBJECT ADDED ENTRY--TOPICAL TERM
Topical term or geographic name entry element พยานบุคคล
9 (RLIN) 31662
850 ## - HOLDING INSTITUTION
Holding institution NALT
866 ## - TEXTUAL HOLDINGS--BASIC BIBLIOGRAPHIC UNIT
Textual string ปีที่ 49 เล่ม 2-3 (พฤษภาคม-ธันวาคม 2545).
942 ## - ADDED ENTRY ELEMENTS (KOHA)
Koha item type Journal/Magazine
996 ## - STAFF PROCESSING RECORDS (NALT)
Staff name aroonthip.c
Staff type LIBSTF
Acquisition or Cataloging date 2025-09-10
998 ## - STAFF NAME (NALT)
-- 179
-- 179
-- นางสาวอรุณทิพย์ จันทร์ดิษฐ์
รายการที่มีในห้องสมุด
Withdrawn status Lost status Source of classification or shelving scheme Damaged status Not for loan Collection code Home library Current library Shelving location Date acquired Source of acquisition Total Checkouts Barcode Date last seen Price effective from Koha item type
    Library of Congress Classification     Bound Journal collection National Assembly Library of Thailand National Assembly Library of Thailand Journal & Magazine shelves 24/11/2025 บริจาค   2900000701 24/11/2025 24/11/2025 Journal/Magazine
หอสมุดรัฐสภา
สำนักงานเลขาธิการสภาผู้แทนราษฎร เลขที่ 1111 ถนนสามเสน แขวงถนนนครไชยศรี เขตดุสิต กรุงเทพฯ 10300
The Secretariat of the House of Representatives 1111 Samsen Road, Thanon Nakhon Chai Si, Dusit, Bangkok 10300, THAILAND
โทรศัพท์: +66(0) 2242 5900 ต่อ 5714-5 โทรสาร: +66(0) 2242 5990 อีเมล: [email protected]